000 00418nam a2200181Ia 4500
005 20240823055139.0
008 240823s9999||||xx |||||||||||||| ||und||
041 _aENGLISH
082 _A621.3140284 Q2
100 _aPattanaik P K
245 0 _aInstrument Transformers
250 _a1st
260 _c2012
_bM S Publica
500 _aYES
650 _aTransformers
_bElectrical
942 _cBK
999 _c228100
_d228100